000 02097nam a2200301Ia 4500
001 E0168
003 IT-RoPAU
008 130308s9999 xx 000 0 und d
040 _aIT-RoPAU
040 _cIT-RoPAU
041 _aITALIANO
100 _aAA.VV.
100 _gCodice Aut. SPICS: 12000
245 _aEnciclopedia Einaudi (Volume Quindicesimo: Sistematica)
245 _bEnciclopedia Einaudi (Volume Quindicesimo: Sistematica)
250 _a1a ed.
260 _aTORINO
260 _bEinaudi
260 _c1992 [1° Ed.:1992 - Ed.Ling.Originale:1992]
300 _a"1172 p. (prefazione: 24; testo: 1148)"
500 _aPremessa di Ruggiero Romano. Sistematica Locale: Anthropos, Argomentazione, Arti, Calcolo, Capitale, Cervello, Civiltà, Classi, Cognizione, Combinatoria, Comunicazione, Concetto, Conoscenza, Corpo, Creatività, Cultura Materiale, Dialettica, Domesticamento, Eccedente, Enunciazione, Eredità, Esoterico/Essoterico, Evoluzione, Filosofia, Fisica, Generazioni, geometria e topologia, Giustizia, Guerra, Homo, Inconscio, Letteratura, Linguaggio, Locale, Logica, Macchina, Materia, Memoria, Metodo, Modo di Produzione, Mythos/Logos, Natura, Normale/Anormale, Orale/Scritto, Organico/Inorganico, Organismo, Parentela, Politica, Probabilità, Produzione/Distribuzione, Regione, Religione, Rito, Sacro/Profano, Segno, Sistema, Società, Soma/Psiche, Spiegazione, Stato, Storia, strutture Matematiche, Sviluppo/Sottosviluppo, Tempo/Temporalità, Teoria/Modello, testo , tolleranza/Intolleranza, tonale/Atonale, Tradizioni, Universo, Uomo, Visione, Vita/Morte. Ricoprimenti Tematici:Proiezioni dell'Antropologia, le vie della Forma, Dalla Biologia Alla Filosofia, I Paradossi dell'Esperienza, ipotesiCalcoli e Conoscenza, Dall'Economia Alla Storia, Lo Stato Il Grande Modello?, Unità delle Matematiche, Natura Storia e Conoscenza, L'Aporia Fondatrice delle Matematiche. 24 Illustrazioni con Relative Note.
650 _aOPERE varie DI CULTURA GENERALE
650 _eCodice materia Spics: 1002
942 _cBK
957 _71
999 _c65136
_d65136
999 _bSI
999 _g1